Jeux vidéos de A-Z par image #2 - Statistiques

Statistiques générales
  • Ce quiz a été pris 1 765 fois
  • Le résultat moyen est 16 sur 26
Statistiques - réponses
Par images Hint Réponse % Correct
C Candy Crush
99%
F FIFA
99%
A Animal Crossing
98%
S Les Sims
91%
L The Last of Us
88%
K Kirby
87%
G Genshin Impact
82%
N Need for speed
79%
W The Witcher
78%
R Resident Evil
74%
T Tomb Raider
74%
U Uncharted
74%
B Battlefield
72%
H Horizon Zero Dawn
70%
D Dark Souls
68%
I It Takes Two
68%
P Professeur Layton
65%
M Monster Hunter
62%
O Outer Wilds
50%
J Jump Force
43%
Y Yoshi's Island
30%
Z Z
22%
E Edens Zero
16%
X Xéna la guerrière
8%
V Vanquish
6%
Q Queen's Gate
1%
Aucun quiz correspondant
Distribution des résultats
% des personnes avec chaque résultat
Percentile par nombre de réponses
Votre historique - résultats
Vous n’avez pas pris ce quiz